000 00646nam a22002177a 4500
999 _c14584
_d14584
003 AR-CdUCM
008 190423b ||||| |||| 00| 0 spa d
020 _a978-84-8470-306-8
040 _aMUNICIPALIDAD PROVINCIAL DEL CUSCO
_cBIBLIOTECA MUNICIPAL DEL CUSCO
041 _hfre
082 _aPI / 803 /
_bV33
100 _aVaugelade, Anaïs
_933415
245 _aLa guerra /
260 _aBarcelona :
_bCorimbo,
_c2008.
300 _bIlustraciones,
_c28 cm.
650 _aLiteratura infantil
_9588
650 _aCuentos Infantiles
_93830
700 _aColl-Vinent, Anna (traductor)
_933416
942 _2ddc
_cLIBROS
945 _acmm
_d2019-04-23